| 000 | 00739cam a22002415a 4500 | ||
|---|---|---|---|
| 001 | 8752782 | ||
| 005 | 20201124143033.0 | ||
| 008 | 091006r20102007ii a fr 001 0 eng d | ||
| 020 | _z9788122420432 | ||
| 020 | _z8122420435 | ||
| 040 |
_aCaPaEBR _cCaPaEBR _beng _dEG-ScBUE |
||
| 082 | 0 | 4 |
_a004.22 _bRAM _222 |
| 100 | 1 |
_aRam, B. _938508 |
|
| 245 | 1 | 0 |
_aComputer fundamentals : _barchitecture and organisation / _cB. Ram. |
| 250 | _a4th ed., Reprinted ed. | ||
| 260 |
_aNew Delhi : _bNew Age International (P) Ltd., Publishers, _c2010. |
||
| 300 |
_a1 v. (various pagings) : _bill. ; _c24 cm. |
||
| 490 | 0 | _aNew Age | |
| 500 | _aIncludes index. | ||
| 651 | _2BUEsh | ||
| 653 |
_bCOMSCI _cJune2015 _cOctober2015 |
||
| 942 |
_2ddc _k004.22 RAM |
||
| 999 |
_c19894 _d19866 |
||